000 00428nam a2200145 a 4500
001 000033284
005 20200930070142.0
008 110823s1938 dr 000 0 spa d
040 _aDO-SdBNP
_bspa
_cBNPHU
082 _axxx
_bC744b
100 1 _aConcepción, J. Agustín
_922539
245 1 0 _aBolivar /
_cJ. Agustín Concepción.
260 _aCiudad Trujillo, República Dominicana :
_b[s.n.],
_c1938.
300 _a17 p. ;
_c22 cm.
999 _c32775
_d32775